000
00276nam a22001217a 4500
008
170303b xxu||||| |||| 00| 0 eng d
041
_a
eng
080
_a
575
100
_a
6
101
_a
SHM
245
_a
THE GENETICS OF BACTERIA AND THEIR VIRUSES
_c
HAYES.W
942
_2
udc
_c
BK
999
_c
6760
_d
6760